Československá obalová technika v rámci výsledkov celoštátnej súťaže Obal roku '83
Guardado en:
| Formato: | Libro |
|---|---|
| Lenguaje: | eslovaco |
| Publicado: |
Bratislava
Dom techniky ČSVTS
1984
|
| Etiquetas: |
Sin Etiquetas, Sea el primero en etiquetar este registro!
|
MARC
| LEADER | 00000nam a2200000 4500 | ||
|---|---|---|---|
| 001 | c117091 | ||
| 005 | 20221220090519.4 | ||
| 041 | 0 | |a slo | |
| 044 | |a SK | ||
| 245 | 1 | 0 | |a Československá obalová technika |b v rámci výsledkov celoštátnej súťaže Obal roku '83 |
| 264 | 1 | |a Bratislava |b Dom techniky ČSVTS |c 1984 | |
| 300 | |a 140 s. | ||